[Event "World School-ch U15 8th"]
[Site "Iasi"]
[Date "2012.04.28"]
[Round "1"]
[White "Sarkhanli, Orkhan"]
[Black "Ali Marandi, Cemil Can"]
[Result "0-1"]
[WhiteElo "1822"]
[BlackElo "2315"]
[PlyCount "74"]
[EventDate "2012.04.28"]
[EventType "swiss"]
[EventRounds "9"]
[EventCountry "ROU"]
[SourceTitle "EXT 2013"]
[Source "ChessBase"]
[SourceDate "2012.11.22"]
[SourceVersion "1"]
[SourceVersionDate "2012.11.22"]
[SourceQuality "1"]

1. d4 d5 2. c4 c6 3. Nc3 Nf6 4. cxd5 cxd5 5. Nf3 Nc6 6. Bf4 a6 7. e3 g6 8. Be2 Bg7 9. 0-0 0-0 10. Ne5 Bf5 11. Rc1 Rc8 12. Na4 Nxe5 13. dxe5 Rxc1 14. Qxc1 Nd7 15. Nc5 Nxe5 16. Nxb7 Qb6 17. Nc5 Rc8 18. Na4 Qa5 19. Nc3 Nd7 20. Qd2 Nb6 21. Rd1 e5 22. Bg3 d4 23. Ne4 Qd5 24. Qb4 Bxe4 25. Qxb6 Bxg2 26. Qxa6 Rc2 27. exd4 exd4 28. b3 Bh3 29. Bf1 Bc8 30. Qb5 Qxb5 31. Bxb5 Rxa2 32. Kf1 Be6 33. Rc1 Bf6 34. Bc4 Bf5 35. f3 d3 36. Rd1 Bh3+ 37. Kg1 Bd4+ 0-1